Statistics for Vampire Diaries Characters by Netflix Mentions

Click here to take the quiz!

General Stats

  • This quiz has been taken 23 times
  • The average score is 20 of 48

Answer Stats

HintAnswer% Correct
93Elena Gilbert
100%
106Damon Salvatore
95%
90Stefan Salvatore
95%
55Caroline Forbes
95%
40Bonnie Bennet
95%
22Klaus Mikaelson
95%
4Elijah Mikaelson
90%
16Matt Donovan
90%
27Alaric Saltzman
85%
11Tyler Lockwood
85%
3Jenna Sommers
80%
14Jeremy Gilbert
80%
11Katherine Pierce
75%
1Kol Mikaelson
75%
7Rebekah Mikaelson
70%
6Liz Forbes
65%
6Jo Parker
65%
11Enzo Saint-Jean
50%
5Kai Parker
50%
3Vicki Donovan
45%
3Silas
40%
6John Gilbert
35%
2Rose
35%
1Amara
30%
1Abby Bennet
30%
1Liv Parker
25%
1Lexi Branson
25%
2Valerie Tulle
25%
1Luke Parker
25%
3Isobel Flemming
20%
4Mason Lockwood
20%
8Lily Salvatore
15%
1Nadia Petrova
15%
1Guisseppe Salvatore
10%
3Prof. Atticus Shane
10%
1Bree
5%
2Meredith Fell
5%
1Wes Maxfield
5%
2Ben
5%
2Jules
5%
3Julian
5%
2Jonas
0%
3Markos
0%
1Sage
0%
4Conner
0%
4Shelia Bennet
0%
5Rayna Cruz
0%
1Sloam
0%

Score Distribution

Percentile by Number Answered

Percent of People with Each Score

Your Score History

You have not taken this quiz